Mort subite joueur équipe de France coupe du monde 2018 - Statistiques

Statistiques générales
  • Ce quiz a été pris 539 fois
  • Le résultat moyen est 8 sur 14
Answers on the Grid
Answers color-coded by a green-red scale on the quiz's grid according to % correct below.
Griezmann
Kounde
Fekir
Deschamps
Zidane
Sidibé
Upamecano
N'zonzi
Matuidi
Rabiot
Thauvin
Payet
Kolo muani
L.hernandez
T.hernandez
Ribery
Benzema
Pogba
Mbappe
Coman
Dembelé
Giroud
Lacazette
Lemar
Martial
Ben yeder
Mukiele
Lloris
Costil
Mandanda
 
Statistiques - réponses
Réponse % Correct
Griezmann
98%
Fekir
75%
Matuidi
64%
N'zonzi
57%
Thauvin
56%
Mbappe
53%
Pogba
53%
Sidibé
52%
L.hernandez
49%
Dembelé
45%
Giroud
45%
Lloris
44%
Mandanda
40%
Lemar
39%
Aucun quiz correspondant
Distribution des résultats
% des personnes avec chaque résultat
Percentile par nombre de réponses
Votre historique - résultats
Vous n’avez pas pris ce quiz